000 01090nam a22003257a 4500
001 5277
003 FISKH
005 20241122131429.0
008 241122b cb ||||| |||| 00| 0 eng d
020 _a9780545460927
040 _aFISKH
_beng
_cFISKH
_dFISKH
050 _aPZ7.C21694
082 _a813.6
100 _aCarman, Patrick
245 _aFloors /
_cby Patrick Carman
250 _aThis edition first printing, May 2013
260 _aNew York :
_bScholastic ;
_c2011.
300 _a261 pages :
_billustrations ;
_c20 cm.
490 _aFloor
_vBook 1
505 _aW
520 _aTen-year-old Leo's future and the fate of the extraordinary Whippet Hotel, where his father is the maintenance man, are at stake when a series of cryptic boxes leads Leo to hidden floors, strange puzzles, and unexpected alliances.
521 8 _a870
_bLexile
521 8 _aW
_bRaz-Plus
650 _achildren
_vFiction
650 _ainvention
_vFiction
650 _ahotels
_vfiction
700 _aTurnham, Chris
_eillustrator
942 _2ddc
_cBK
_n0
999 _c5277
_d5277